Un espacio financiero europeo

Sparad:
Bibliografiska uppgifter
Materialtyp: Bok
Språk:spanska
Publicerad: Luxemburgo Oficina de Publicaciones Oficiales de las Comunidades Europeas 1989
Serie:Serie Documentación Europa
Ämnen:
Taggar: Lägg till en tagg
Inga taggar, Lägg till första taggen!

MARC

LEADER 00000nam a2200000 a 4500
001 UCX4549
003 CL-VaPUC
008 920610e19890000LU |||||||||||||||||spa|d
082 0 4 |a 382.914  |b ESP  |2 21 
245 1 3 |a Un espacio financiero europeo 
300 |a 71 p 
942 |c BK 
945 |d 19920610 00:00:00 
260 |a Luxemburgo  |b Oficina de Publicaciones Oficiales de las Comunidades Europeas  |c 1989 
650 7 |a MERCADO FINANCIERO  |2 CL-VaPUC  |9 320731 
650 7 |a COMUNIDAD ECONOMICA EUROPEA  |2 CL-VaPUC  |9 257970 
583 |a last modification  |c 19920610 00:00:00  |k Rodrigo Vera 
490 0 |a Serie Documentación Europa 
999 |c 224983  |d 224981 
952 |0 0  |1 0  |4 0  |6 382_914000000000000_ESP_1989  |7 0  |8 A  |9 222116  |a BIBENE  |b BIBENE  |d 2019-11-15  |i 2909634  |o 382.914 ESP 1989  |p 2909634  |r 2025-01-15  |w 2019-11-15  |y BK  |k ICO